01826cam a22002174a 45000010009000000050017000090080041000260100017000670200025000840400018001090500017001271000021001442450065001652500013002302600047002433000037002905000020003275051216003476500016015637000029015791498233620210414114213.0070827s2008 ohua 001 0 eng  a 2006910204 a9780324376166 (hbk.) aDLCcDLCdDLC00aHF5635.H444 1 aHeintz, James A.10aCollege accounting. /cJames A. Heintz, Robert W. Parry, Jr. a19th ed. aMason, OH :bThomson/South-Western,c2008. axxxii, 1136 p. :bill. ;c29 cm. aIncludes index. aContents: Accounting For service business: Introduction to accounting -- Analyzing transcations: The Accounting equation -- The Double- entry framework -- Finanical statements and the closing process -- Accounting for cash and payroll: Accounting for cash -- Payroll accouning: employees earnings and deductions -- Payroll accounting: employer taxes and reports -- Accounting for a merchandising business: Accounting for sales and cash receipts -- Special journals -- Specialized accounting procedues for merchandising businesses and partnerships: Accounting for accounts receivables -- Accounting for notes and interest -- Accounting for long- term assets -- Accounting for corporations and manufacturing businesses: Corporations: organization and capital stock -- Corporations: Taxes, earnings, distributions and the retained earnings statement -- Corporations: bonds -- Statement of cash flows -- Analysis of financial statements -- Departmental accounting -- manufacturing accounting: the Job order cost system -- Manufacturing accounting: the Work sheet and financial statements -- Module 1: accounting for a professional service business: the combination journal -- Answers to self-study test questions. 0aAccounting.1 aParry, Robert W.,d1950-